Normal view
MARC view
Entry Topical Term
001 - CONTROL NUMBER
- control field: 11566
003 - CONTROL NUMBER IDENTIFIER
- control field: OSt
005 - DATE AND TIME OF LATEST TRANSACTION
- control field: 20170214152217.0
008 - FIXED-LENGTH DATA ELEMENTS
- fixed length control field: 170214|| aca||aabn | a|a d
040 ## - CATALOGING SOURCE
- Original cataloging agency: OSt
- Transcribing agency: OSt
150 ## - HEADING--TOPICAL TERM
- Topical term or geographic name entry element: Calculation tests for nursing students
670 ## - SOURCE DATA FOUND
- Source citation: Work cat.: (OSt): Starkings, Susan 11565, Passing calculations tests for nursing students /, 2011
